000 01183nam a2200229Ia 4500
003 Ost
005 20260507075055.0
008 260507s9999||||xx |||||||||||||| ||und||
040 _cfsecg
041 _aara
082 _a330
100 _aعبد العزيز، سمير محمد
_eمؤلف
245 0 _aالسياسات الاقتصادية للمستقبل :
_bمدخل اتخاذ القرارات /
_c سمير محمد عبد العزيز
260 _aالاسكندرية:
_bمركز الاسكندرية للكتاب,
_c2004
300 _a327 صفحة؛
_bإيضاحات ؛
_c25 سم
520 _aالعولمة وإدارة الجودة الشاملة ومنظمات الأعمال غير الحكومية،السياسات التسويقية والانتاجية،التكاليف والقرارات الانتاجية، التسعير،اقتصاديات حجم الانتاج ونظرة إلى الأمام،التحديث والتصوير والأحلال،نماذج المخزون،سياسة توزيع الأرباح
653 _aالاقتصاد
653 _aالإنتاج
653 _aالتسويق
653 _aالعولمة
942 _cكتاب
999 _c42731
_d42731